| 000 | 00584nam a2200145Ia 4500 | ||
|---|---|---|---|
| 008 | 250506s9999 xx 000 0 und d | ||
| 024 | _a08B-003-Bs, 08B-005-BS & 07B-34-BS | ||
| 082 | _a005.74072 MUH | ||
| 100 | _aMuhammad Shariq Khan, Naveed Jawaid & Ammar Mahmood | ||
| 245 | 0 | _aWeb Content Analysis and Knoweledge Extraction Using Text Mining | |
| 260 |
_aKarachi: _bUIT, _c2008 |
||
| 600 | _aComputer Science | ||
| 650 | _aBachelor of Computer Science (BS) | ||
| 856 |
_uhttps://drive.google.com/file/d/1zHrxTGuLRZNW84kvDmFnW8JTDIA0p_Lw/view?usp=share_link _yClick here for PDF |
||
| 999 |
_c28710 _d28710 |
||